| 000 | 00974nam a2200241 a 4500 | ||
|---|---|---|---|
| 001 | 71540 | ||
| 003 | BD-RjUL | ||
| 005 | 20211209082128.0 | ||
| 008 | 170504s2007 ii a|||| |||| 00| 0 ben d | ||
| 020 |
_a818762440X _c: Tk. 200.00 |
||
| 035 | _a(BD-RjUL)71756 | ||
| 040 |
_aBD-RjUL _bben _cBD-RjUL |
||
| 041 | _aben | ||
| 082 |
_223 _a891.444 _bPOL 2007 |
||
| 245 |
_aরাজনৈতিক আন্দোলন, সংস্কৃতি ও সাংস্কৃতিক ফ্রন্ট / _cরথীন চক্রবর্তী সম্পাদিত |
||
| 250 | _a২য় সং. | ||
| 260 |
_aকলিকাতা : _bনাট্যচিন্তা, _c২০০৭ |
||
| 300 |
_a১৭৫ পৃ. : _bচিত্র ; _c২৩ সেমি. |
||
| 650 |
_aবাংলা প্রবন্ধ _9211686 |
||
| 650 |
_aBengali Essays _9211687 |
||
| 700 |
_aচক্রবর্তী, রথীন সম্পাদিত _9211688 |
||
| 942 |
_2ddc _cBK |
||
| 999 |
_c71540 _d71540 |
||